Las materias primas (Record no. 139953)

MARC details
000 -LEADER
campo de control de longitud fija 00499nam a2200157 4500
001 - NÚMERO DE CONTROL
campo de control 139953
003 - IDENTIFICADOR DE NÚMERO DE CONTROL
campo de control ES-MaACL
005 - FECHA Y HORA DE LA ÚLTIMA TRANSACCIÓN
campo de control 20230906195944.0
007 - CAMPO FIJO DE DESCRIPCIÓN FÍSICA--INFORMACIÓN GENERAL
campo de control de longitud fija t|
008 - DATOS DE LONGITUD FIJA--INFORMACIÓN GENERAL
campo de control de longitud fija 070214s1944 sp r ||||1| spa d
100 1# - ENTRADA PRINCIPAL--NOMBRE DE PERSONA
Nombre de persona Schop Santos, Ernesto.
9 (RLIN) 104655
245 14 - MENCIÓN DEL TÍTULO
Título Las materias primas
Resto del título : los centros de producción y comercio internacional /
Mención de responsabilidad, etc. Ernesto Schop Santos.
260 ## - PUBLICACIÓN, DISTRIBUCIÓN, ETC.
Lugar de publicación, distribución, etc. Barcelona :
Nombre del editor, distribuidor, etc. Bosch,
Fecha de publicación, distribución, etc. 1944.
300 ## - DESCRIPCIÓN FÍSICA
Extensión 182 p. :
Otras características físicas il. ;
Dimensiones 23 cm +
Material acompañante/anejo 4 map.
852 ## - LOCALIZACIÓN
Ubicación ES-MaACL
Número de control de estantería C-4739
Sublocalización o colección R.25218
Holdings
Estatus retirado Estado de pérdida Estado de daño No para préstamo Biblioteca de origen Biblioteca actual Ubicación en estantería Fecha de adquisición Fuente de adquisición Total de préstamos Signatura topográfica completa Código de barras Visto por última vez Precio de reemplazo Tipo de ítem Koha
        Biblioteca del Ateneo de Madrid Biblioteca del Ateneo de Madrid Sala Palomar 17/01/2008     C-4739 1145638 23/02/2023 23/02/2023 Libro impreso